Geography Quiz

Random Geography or City Quiz
Score 0/50 Timer 07:00
8 Plays Today
Rank Name of Station % Correct
3King's Cross St Pancras
87.4%
1Waterloo
83.8%
2Victoria
80.8%
14Euston
75.3%
4Oxford Circus
74.5%
10Paddington
73%
6Liverpool Street
69.8%
11Piccadilly Circus
67.4%
12Leicester Square
66.2%
5London Bridge
63.6%
9Bank & Monument
63.3%
16Green Park
60%
15Tottenham Court Road
58.9%
13Bond Street
58.1%
8Canary Wharf
56.3%
37Charing Cross
54.2%
26Westminster
53.4%
31Covent Garden
51.1%
35Embankment
50.9%
32Earl's Court
50.2%
17South Kensington
50%
20Baker Street
50%
19Hammersmith (District)
49.3%
18Holborn
49%
33Moorgate
48.3%
Rank Name of Station % Correct
34Farringdon
47.4%
30Knightsbridge
46.7%
7Stratford
46.2%
36Angel
42.9%
38Elephant & Castle
42.1%
39Notting Hill Gate
40.8%
45Marble Arch
40.6%
25Tower Hill
40.6%
28Old Street
40.1%
21Finsbury Park
40%
48St Paul's
39.5%
24Vauxhall
38.3%
29Camden Town
37.7%
22Brixton
33.2%
40Highbury & Islington
32.4%
27Shepherd's Bush (Central)
30.4%
41Warren Street
30.2%
50St James's Park
29%
44Chancery Lane
26.8%
43Ealing Broadway
26.1%
42Sloane Square
26%
23North Greenwich
21.7%
47Bethnal Green
20%
49Barking
14%
46Walthamstow Central
13.8%

You're not logged in!

Compare scores with friends on all Sporcle quizzes.
OR
Log In

Sporcle TV

Today on Sporcle TV


Watch our educational content, quiz creation guides, and fun videos on Sporcle TV.

Show Comments

Extras

Top Quizzes Today


Score Distribution

Paid Content

Your Account Isn't Verified!

In order to create a playlist on Sporcle, you need to verify the email address you used during registration. Go to your Sporcle Settings to finish the process.

Report this User

Report this user for behavior that violates our Community Guidelines.

Details: